Bilecik Bilecik Bilecik Bilecik Bilecik

Türk aile ansiklopedisi / (Record no. 74030)

MARC details
000 -BAŞLIK
Sabit Uzunluktaki Kontrol Alanı 01345nam a22004097a 4500
001 - KONTROL NUMARASI
Control Dosyası 0073275
003 - KONTROL NUMARASI KİMLİĞİ
Kontrol Alanı KOHA_MİRAKIL
005 - EN SON İŞLEM TARİHİ ve ZAMANI
Kontrol Alanı 20260207005132.0
007 - FİZİKSEL TANIM SABİT ALAN - GENEL BİLGİ
Sabit uzunluklu kontrol alanı ta
008 - SABİT UZUNLUKTAKİ VERİ ÖGELERİ - GENEL BİLGİ
Sabit Alan 250514b1991 tu |||gre|||#0|||0|tur |
020 ## - ISBN - ULUSLARARASI STANDART KİTAP NUMARASI
Isbn 4751904684
040 ## - KATALOGLAMA KAYNAĞI
Özgün Kataloglama Kurumu TR-BiSEU
Kataloglama Dili tur
Çeviri Kurumu TR-BiSEU
Açıklama Kuralları rda
041 0# - DİL KODU
Metin ya da ses kaydının dil kodu tur
044 ## - YAYINLAYAN/ÜRETEN KURULUŞUN ÜLKE KODU
ISO country code tu
050 ## - SINIFLAMA ve YER NUMARASI
Sınıflama Numarası HQ663.4
Yer Numarası .T87 1991
245 0# - ESER ADI BİLDİRİMİ
Başlık Türk aile ansiklopedisi /
Sorumluluk Bildirimi Mehmet Doğan, İhsan Sezal, Muhsin Mete, Mustafa İsen, Haşim Karpuz.
264 #1 - ÜRERİM, YAYIN, DAĞITIM ve TELİF BİLDİRİMİ
Yayın yeri Ankara :
Yayınlayan Aile Araştırma Kurumu Yayınları
Yayın tarihi 1991
300 ## - FİZİKSEL TANIMLAMA
Sayfa, Cilt vb. ciltli: resimli; 28 cm.
336 ## - İÇERİK TÜRÜ
Content type term metin
Content type code txt
Source rdacontent
337 ## - MEDYA TÜRÜ
Media type term aracısız
Media type code n
Source rdamedia
338 ## - TAŞIYICI TÜRÜ
Carrier type term cilt
Carrier type code nc
Source rdacarrier
490 1# - DİZİ BİLDİRİMİ
Dizi Bildirimi TC.
490 1# - DİZİ BİLDİRİMİ
Dizi Bildirimi Başbakanlık Aile Araştırma Kurumu yayınları genel yayın no ;
Cilt Numarası 72.
490 1# - DİZİ BİLDİRİMİ
Dizi Bildirimi Bilim serisi ;
Cilt Numarası 11
500 ## - GENEL NOT
Genel Not Kaynakça var.
650 #0 - KONU BAŞLIĞI EK GİRİŞ - KONU TERİMİ
Konusal terim veya coğrafi ad Ansiklopedi.
9 (RLIN) 72926
650 #0 - KONU BAŞLIĞI EK GİRİŞ - KONU TERİMİ
Konusal terim veya coğrafi ad Aile--Türkiye.
9 (RLIN) 9769
650 #0 - KONU BAŞLIĞI EK GİRİŞ - KONU TERİMİ
Konusal terim veya coğrafi ad Sosyoloji--Aile--Ansiklopedi.
9 (RLIN) 147334
650 #0 - KONU BAŞLIĞI EK GİRİŞ - KONU TERİMİ
Konusal terim veya coğrafi ad Encyclopedia.
9 (RLIN) 147335
650 #0 - KONU BAŞLIĞI EK GİRİŞ - KONU TERİMİ
Konusal terim veya coğrafi ad Family--Türkiye.
9 (RLIN) 147336
650 #0 - KONU BAŞLIĞI EK GİRİŞ - KONU TERİMİ
Konusal terim veya coğrafi ad Sociology--Family--Encyclopedia.
9 (RLIN) 147337
830 1# - SERİ EK GİRİŞİ - TEKBİÇİM ESER ADI
Tekbiçim Başlık TC.
9 (RLIN) 28625
830 1# - SERİ EK GİRİŞİ - TEKBİÇİM ESER ADI
Tekbiçim Başlık Başbakanlık Aile Araştırma Kurumu yayınları genel yayın no ;
Volume number/sequential designation 72.
9 (RLIN) 147338
830 1# - SERİ EK GİRİŞİ - TEKBİÇİM ESER ADI
Tekbiçim Başlık Bilim serisi ;
Volume number/sequential designation 11
9 (RLIN) 37314
907 ## - LOCAL DATA ELEMENT G, LDG (RLIN)
a Ansiklopedi
942 ## - EK GİRİŞ ÖGELERİ (KOHA)
Source of classification or shelving scheme Library of Congress Classification
Koha item type Book
Holdings
Materyal Türü Kalıcı Konum Mevcut Konum Raf Yeri Koleksiyon Kodu Sınıflandırma Kaynağı Edinim Bilgisi Ana Konular Alt Konular Yer Numarası Cilt Bilgisi Demirbaş Numarası Fatura Tarihi Geri Çekilme Durumu Kayıp Durumu Hasarlı Durumu Kredi için değil Kayıt Tarih Toplam Ödünçverme Son Görülme Tarihi Son Kontrol Tarihi Genel / Bağış Notu
Danışma Kaynakları Prof. Dr. Azmi Özcan Kütüphanesi Prof. Dr. Azmi Özcan Kütüphanesi Uluğbey Salonu Referans Library of Congress Classification Bağış SOSYAL BİLİMLER Aile, Evlilik, Kadınlar HQ663.4 .T87 1991 c.1 0073275 02/02/2026       Ödünç verilmez 04/03/2025   02/06/2025 02/06/2025 Christopher FERRARD, Akademisyen
Danışma Kaynakları Prof. Dr. Azmi Özcan Kütüphanesi Prof. Dr. Azmi Özcan Kütüphanesi Uluğbey Salonu Referans Library of Congress Classification Bağış SOSYAL BİLİMLER Aile, Evlilik, Kadınlar HQ663.4 .T87 1991 c.2 0073985 02/02/2026       Ödünç verilmez 14/05/2025   27/05/2025 27/05/2025 Christopher FERRARD, Akademisyen
Danışma Kaynakları Prof. Dr. Azmi Özcan Kütüphanesi Prof. Dr. Azmi Özcan Kütüphanesi Uluğbey Salonu Referans Library of Congress Classification Bağış SOSYAL BİLİMLER Aile, Evlilik, Kadınlar HQ663.4 .T87 1991 c.3 0073986 02/02/2026       Ödünç verilmez 14/05/2025   27/05/2025 27/05/2025 Christopher FERRARD, Akademisyen